Bài giảng giải tích Tập 1
.
Shranjeno v:
| Glavni avtor: | |
|---|---|
| Format: | Knjiga |
| Jezik: | Vietnamese |
| Izdano: |
H.
Đại học Quốc gia
2004
|
| Izdaja: | in lần thứ 2 |
| Teme: | |
| Oznake: |
Označite
Brez oznak, prvi označite!
|
| Thư viện lưu trữ: | Mạng thư viện Đại học Đà Nẵng |
|---|
| LEADER | 01066nam a2200337 4500 | ||
|---|---|---|---|
| 001 | 000007870 | ||
| 003 | 4040 | ||
| 005 | 20121009151057.0 | ||
| 008 | 111012s2004 viesd | ||
| 020 | |c 30000đ | ||
| 041 | 0 | |a vie | |
| 082 | |a 515 |b NG-T | ||
| 100 | 0 | |a Nguyễn Duy Tiến | |
| 245 | 1 | 0 | |a Bài giảng giải tích |c Nguyễn Duy Tiến (ch.b.), Trần Đức Long |n Tập 1 |
| 250 | |a in lần thứ 2 | ||
| 260 | |a H. |b Đại học Quốc gia |c 2004 | ||
| 300 | |a 304tr. |c 24cm | ||
| 520 | |a . | ||
| 653 | |a Toán học | ||
| 653 | |a Giải tích | ||
| 773 | |t Bài giảng giải tích |w 4039 | ||
| OWN | |a LSP | ||
| AVA | |a UDN50 |b LSP |d 515 NG-T |e check_holdings |t Error 5003 Not defined in file expand_doc_bib_avail. |h N |k 1 | ||
| 999 | |a From the UDN01 | ||
| AVA | |a UDN50 |b LSP |d 515 NG-T |e available |t Error 5001 Not defined in file expand_doc_bib_avail. |f 99 |g 1 |h N |i 20 |k 1 | ||
| TYP | |a Monograph | ||
| TYP | |a Printed language | ||
| 980 | |a Mạng thư viện Đại học Đà Nẵng | ||